Weapons of war [
| Format: | Book |
|---|---|
| Published: |
s.l :
s.n ,
19-
|
| Subjects: |
MARC
| LEADER | 00000cam a2200000 7i4500 | ||
|---|---|---|---|
| 001 | 0000002205 | ||
| 002 | 000002405 | ||
| 005 | 20021002.0 | ||
| 020 | |a 000002405 | ||
| 090 | 0 | 0 | |a 355.82 |b WEA |
| 245 | 0 | 0 | |a Weapons of war [ |h video recording] |
| 260 | |a s.l : |b s.n , |c 19- | ||
| 300 | |a 1 Video recording VHS (45 minutes) : |b col.(PAL) | ||
| 500 | |a Library has 1 copy | ||
| 650 | 0 | 0 | |a Militang weapons |
| 999 | |a 00102 |b VIDEO |c KOLEKSI AUDIO VIDEO |e PERPUSTAKAAN KOMUNITI PETALING JAYA | ||